Polish Voivodeships with an Empty Map - Statistics

General Stats
  • This quiz has been taken 1,474 times
  • The average score is 13 of 16
Answers on the Map
Answers color-coded by a green-red scale on the quiz's map according to % correct below.
 
Answer Stats
Province % Correct
Pomerania
91%
Silesia
91%
Greater Poland
87%
Lesser Poland
86%
Lublin
85%
Masovia
84%
Łódź
81%
Lower Silesia
81%
West Pomerania
81%
Opole
78%
Lubusz
74%
Holy Cross
73%
Podlasie
73%
Subcarpathia
72%
Warmia-Masuria
68%
Kuyavia-Pomerania
65%
No matching quizzes found
Score Distribution
Percent of People with Each Score
Percentile by Number Answered
Your Score History
You have not taken this quiz